A well-behaved woman : a novel of the Vanderbilts ... Read More
Available copies
- 2 of 2 copies available at LARL/NWRL Consortium.
- 2 of 2 copies available at Lake Agassiz Regional Library. (Show preferred library)
Current holds
0 current holds with 2 total copies.
View other formats and editions
Show Only Available Copies
| Location | Call Number / Copy Notes | Barcode | Shelving Location | Status | Due Date |
|---|---|---|---|---|---|
| Barnesville Public Library | LARGE PRINT FOW (Text) | 33500012822193 | Main | Available | - |
| Breckenridge Public Library | LARGE PRINT FOW (Text) | 33500012822185 | Main | Available | - |
Record details
- ISBN: 9781432857127
- ISBN: 1432857126
- Physical Description: 679 pages (large print) ; 23 cm.
- Edition: Large print edition.
- Publisher: Waterville, Maine : Thorndike Press, a part of Gale, a Cengage Company, 2018.
- Copyright: ©2018
Content descriptions
| General Note: | "Thorndike Press large print basic." |
| Summary, etc.: | The riveting novel of iron-willed Alva Vanderbilt ... Read More Alva Smith, her southern family destitute after ... Read More |
Search for related items by subject
| Genre: | Biographical fiction. Fiction. Biographical fiction. Historical fiction. Biographical fiction. |
| LDR | 04079cam a22006738i 4500 | ||
|---|---|---|---|
| 001 | 304932 | ||
| 003 | LARL_NWRL_CONSORTIUM | ||
| 005 | 20181211210215.0 | ||
| 008 | 180907t20182018meu ed 000 1 eng | ||
| 010 | . | ‡a 2018043042 | |
| 040 | . | ‡aDLC ‡beng ‡erda ‡cDLC ‡dOCLCO ‡dORX ‡dOCLCF ‡dJST ‡dOJ4 ‡dBKL ‡dFM0 ‡dILC ‡dOCLCO ‡dTXMAL ‡dIUK ‡dOCP ‡dOCLCO ‡dINO | |
| 020 | . | ‡a9781432857127 ‡q(large print) ‡q(hardcover) | |
| 020 | . | ‡a1432857126 ‡q(large print) ‡q(hardcover) | |
| 035 | . | ‡a(OCoLC)1051775210 | |
| 042 | . | ‡apcc | |
| 043 | . | ‡an-us--- | |
| 082 | 0 | 0. | ‡a813/.6 ‡223 |
| 084 | . | ‡aFIC014000 ‡aFIC045000 ‡2bisacsh | |
| 100 | 1 | . | ‡aFowler, Therese, ‡eauthor. ‡0(LARL_NWRL_CONSORTIUM)197775 |
| 245 | 1 | 2. | ‡aA well-behaved woman : ‡ba novel of the Vanderbilts / ‡cTherese Anne Fowler. |
| 250 | . | ‡aLarge print edition. | |
| 264 | 1. | ‡aWaterville, Maine : ‡bThorndike Press, a part of Gale, a Cengage Company, ‡c2018. | |
| 264 | 4. | ‡c©2018 | |
| 300 | . | ‡a679 pages (large print) ; ‡c23 cm. | |
| 336 | . | ‡atext ‡btxt ‡2rdacontent | |
| 337 | . | ‡aunmediated ‡bn ‡2rdamedia | |
| 338 | . | ‡avolume ‡bnc ‡2rdacarrier | |
| 340 | . | ‡nlarge print ‡2rda | |
| 500 | . | ‡a"Thorndike Press large print basic." | |
| 520 | . | ‡aThe riveting novel of iron-willed Alva Vanderbilt and her illustrious family as they rule Gilded-Age New York, from the New York Times bestselling author of Z: A Novel of Zelda Fitzgerald. Alva Smith, her southern family destitute after the Civil War, married into one of America's great Gilded Age dynasties: the newly wealthy but socially shunned Vanderbilts. Ignored by New York's old-money circles and determined to win respect, she designed and built 9 mansions, hosted grand balls, and arranged for her daughter to marry a duke. But Alva also defied convention for women of her time, asserting power within her marriage and becoming a leader in the women's suffrage movement. With a nod to Jane Austen and Edith Wharton, in A Well-Behaved Woman Therese Anne Fowler paints a glittering world of enormous wealth contrasted against desperate poverty, of social ambition and social scorn, of friendship and betrayal, and an unforgettable story of a remarkable woman. Meet Alva Smith Vanderbilt Belmont, living proof that history is made by those who know the rules--and how to break them. | |
| 520 | . | ‡aAlva Smith, her southern family destitute after the Civil War, married into one of America's great Gilded Age dynasties: the newly wealthy but socially shunned Vanderbilts. Ignored by New York's old-money circles and determined to win respect, she designed and built nine mansions, hosted grand balls, and arranged for her daughter to marry a duke. But Alva also defied convention for women of her time, asserting power within her marriage and becoming a leader in the women's suffrage movement. -- adapted from back cover | |
| 600 | 1 | 0. | ‡aBelmont, Alva, ‡d1853-1933 ‡vFiction. |
| 600 | 3 | 0. | ‡aVanderbilt family ‡vFiction. |
| 600 | 3 | 7. | ‡aVanderbilt family. ‡2fast |
| 600 | 3 | 4. | ‡aVanderbilt family ‡vFiction. |
| 650 | 0. | ‡aSocialites ‡vFiction. ‡0(LARL_NWRL_CONSORTIUM)167207 | |
| 651 | 0. | ‡aUnited States ‡xSocial life and customs ‡y1865-1918 ‡vFiction. | |
| 650 | 0. | ‡aLarge type books. ‡0(LARL_NWRL_CONSORTIUM)24284 | |
| 650 | 7. | ‡aFICTION / Historical. ‡2bisacsh | |
| 650 | 7. | ‡aFICTION / Family Life. ‡2bisacsh | |
| 650 | 7. | ‡aLarge type books. ‡2fast ‡0(LARL_NWRL_CONSORTIUM)24284 | |
| 650 | 7. | ‡aManners and customs. ‡2fast ‡0(LARL_NWRL_CONSORTIUM)25043 | |
| 650 | 7. | ‡aSocialites. ‡2fast ‡0(LARL_NWRL_CONSORTIUM)38677 | |
| 651 | 7. | ‡aUnited States. ‡2fast ‡0(LARL_NWRL_CONSORTIUM)54625 | |
| 650 | 4. | ‡aLarge type books. ‡0(LARL_NWRL_CONSORTIUM)24284 | |
| 650 | 4. | ‡aSocialites ‡vFiction. ‡0(LARL_NWRL_CONSORTIUM)167207 | |
| 651 | 4. | ‡aUnited States ‡xSocial life and customs ‡y1865-1918 ‡vFiction. | |
| 648 | 7. | ‡a1865-1918 ‡2fast | |
| 655 | 7. | ‡aBiographical fiction. ‡2gsafd | |
| 655 | 7. | ‡aFiction. ‡2fast | |
| 655 | 7. | ‡aBiographical fiction. ‡2lcgft | |
| 655 | 7. | ‡aHistorical fiction. ‡2lcgft | |
| 655 | 4. | ‡aBiographical fiction. | |
| 901 | . | ‡a304932 ‡b ‡c304932 ‡tbiblio | |

Add to basket
Permalink
Disable Highlighting